000 00220 a2200097 4500
001 53160
100 _aSessions, K W
245 _aI C Schematic Sourcemaster
260 _aNew York
_bJohn Wiley
_c
090 _c33447
_d33447
942 _aNUST-CAE
_cM
_c26055
999 _c288233
_d288233